| 000 | 00331nam a22001337a 4500 | ||
|---|---|---|---|
| 020 | _a978812022608 | ||
| 082 |
_222 _a621.3819 |
||
| 100 | _aKessell, Thomas E. | ||
| 245 | _aIndustrial electronics / | ||
| 250 | _a3 rd. | ||
| 260 |
_aNew Delhi, _bPrentice Hall, _cc2009. |
||
| 300 |
_axxiv,904 p. ; _bill. ; _c24 cm. |
||
| 942 |
_2ddc _cECE |
||
| 999 |
_c1484 _d1484 |
||